Normal view
MARC view
- تأليف الاتحاد الدولي للمهندسين الاستشاريين؛ داود خلف، مترجم
Entry Personal Name
001 - CONTROL NUMBER
- control field: 11192
003 - CONTROL NUMBER IDENTIFIER
- control field: JO-AjAnu
005 - DATE AND TIME OF LATEST TRANSACTION
- control field: 20230606072110.0
008 - FIXED-LENGTH DATA ELEMENTS
- fixed length control field: 230606|| aca||aabn | a|a d
040 ## - CATALOGING SOURCE
- Original cataloging agency: JO-AjAnu
- Transcribing agency: JO-AjAnu
100 ## - HEADING--PERSONAL NAME
- Personal name: تأليف الاتحاد الدولي للمهندسين الاستشاريين؛ داود خلف، مترجم
670 ## - SOURCE DATA FOUND
- Source citation: Work cat.: (JO-AjAnu)5764: تأليف الاتحاد الدولي للمهندسين الاستشاريين؛ داود خلف، مترجم, author, الشروط العامة لعقود فيديك النموذجية ( الإتحاد الدولي للمهندسين الإستشاريين)